Nhà văn Việt Nam (1945-1975) T.2
Đã lưu trong:
| 主要作者: | |
|---|---|
| 其他作者: | |
| 格式: | 圖書 |
| 出版: |
H.
Đại học và Trung học chuyên nghiệp
1983
|
| 主題: | |
| 標簽: |
添加標簽
沒有標簽, 成為第一個標記此記錄!
|
| Thư viện lưu trữ: | Trung tâm Học liệu Lê Vũ Hùng, Trường Đại học Đồng Tháp |
|---|
| LEADER | 00803pam a22002418a 4500 | ||
|---|---|---|---|
| 001 | 00018842 | ||
| 005 | 20171026081022.0 | ||
| 008 | 110504s1983 ||||||Viesd | ||
| 041 | 0 | # | |a Vie |
| 082 | 1 | 4 | |a 895.922 09 |b NH100V |
| 100 | 0 | # | |a Phan Cự Đệ |
| 245 | 0 | 0 | |a Nhà văn Việt Nam (1945-1975) |c Phan Cự Đệ, Hà Minh Đức |n T.2 |
| 260 | # | # | |a H. |b Đại học và Trung học chuyên nghiệp |c 1983 |
| 300 | # | # | |a 514tr. |c 19cm. |
| 650 | # | 4 | |a Nghiêm cứu Văn học |
| 650 | # | 4 | |a Nhà văn |
| 653 | # | # | |a Việt Nam |
| 653 | # | # | |a Văn học hiện đại |
| 700 | 0 | # | |a Hà Minh Đức |
| 852 | # | # | |b Kho đọc |j KD.0004316 |
| 852 | # | # | |j KD.0004316 |
| 910 | |d 04/05/2011 | ||
| 980 | # | # | |a Trung tâm Học liệu Lê Vũ Hùng, Trường Đại học Đồng Tháp |